| 000 | 00790 a2200289 4500 | ||
|---|---|---|---|
| 502 | _aThèse de Doctorat | ||
| 260 | _aWageningen | ||
| 653 | 1 | _aAgronomie | |
| 100 | _aBOLSTER, G. Marion | ||
| 041 | _bEn | ||
| 260 | _bUniversité de Wageningen | ||
| 300 | _a214 p. | ||
| 245 | _aAmbergris fragrance compounds from labdanolic acid and larixol | ||
| 650 | _aLABDANOLIC ACID | ||
| 650 | _aLARIXOL | ||
| 650 | _aAMBERGRIS | ||
| 650 | _aFRAGRANCE COMPOUND | ||
| 260 | _c12 Juin 2002 | ||
| 300 | _bIll., Couv. ill. ; 24 cm | ||
| 130 | _lEn | ||
| 040 | _aSupport | ||
| 041 | _bEn | ||
| 653 | 1 | _aNutrition et Sciences Alimentaires | |
| 100 | _uAbomey-Calavi, Université d'Abomey-Calavi, Faculté des Sciences Agronomiques, Bj | ||
| 020 | _a90-5808-666-6 | ||
| 999 |
_c32229 _d32229 |
||